Teaching creative writing (Record no. 4846)

000 -LEADER
fixed length control field 01053 a2200181 4500
020 ## - INTERNATIONAL STANDARD BOOK NUMBER
International Standard Book Number 0826477275
020 ## - INTERNATIONAL STANDARD BOOK NUMBER
International Standard Book Number 0826477267
040 ## - CATALOGING SOURCE
Original cataloging agency DLC
Language of cataloging DLC
082 04 - DEWEY DECIMAL CLASSIFICATION NUMBER
Classification number 808.0420711
245 00 - TITLE STATEMENT
Title Teaching creative writing
Statement of responsibility, etc. Graeme Harper.
260 ## - PUBLICATION, DISTRIBUTION, ETC.
Place of publication, distribution, etc. London ;
-- New York :
Name of publisher, distributor, etc. Continuum,
Date of publication, distribution, etc. c2006.
300 ## - PHYSICAL DESCRIPTION
Extent x, 188 p. ;
Dimensions 25 cm.
505 0# - FORMATTED CONTENTS NOTE
Formatted contents note Short fiction / Katharine Coles -- Poetry / Chad Davidson and Gregory Fraser -- The novel / Graeme Harper -- Writing for children and young adults / Jeri Kroll -- Creative non-fiction / Martin Lammon -- Playwriting / Michelene Wandor -- Scriptwriting for radio / Steve May -- Writing for film and television / Jack Epps, Jr. -- New media writing / Thomas Swiss and Cynthia Lewis -- Critical-creative rewriting / Rob Pope -- Workshopping / Stephanie Vanderslice -- Research in creative writing / Graeme Harper.
650 #0 - SUBJECT ADDED ENTRY--TOPICAL TERM
Topical term or geographic name entry element Creative writing (Higher education)
700 1# - ADDED ENTRY--PERSONAL NAME
Personal name Harper, Graeme.
856 41 - ELECTRONIC LOCATION AND ACCESS
Materials specified Table of contents only
Uniform Resource Identifier <a href="http://www.loc.gov/catdir/toc/fy0706/2006282569.html">http://www.loc.gov/catdir/toc/fy0706/2006282569.html</a>
942 ## - ADDED ENTRY ELEMENTS (KOHA)
Koha item type Book
Call number prefix 808.0420711 HAR
Source of classification or shelving scheme
Holdings
Withdrawn status Lost status Damaged status Not for loan Collection code Permanent Location Current Location Shelving location Date acquired Source of acquisition Cost, normal purchase price Total Checkouts Total Renewals Full call number Barcode Date last seen Date last checked out Price effective from Koha item type
          Central Library (CL) Central Library (CL) General Stacks 11/07/2006 Allied Book Company 2444.98 3 2 808.0420711 HAR SEECS007716 11/12/2025 10/06/2022 01/05/2017 Book
© 2023 Central Library, National University of Sciences and Technology. All Rights Reserved.